Champions de la coupe Stanley - Statistiques

Statistiques générales
  • Ce quiz a été pris 667 fois
    99 depuis la dernière actualisation
  • Le résultat moyen est 11 sur 27
Statistiques - réponses
Nb Année Équipe % Correct
24 1916, 1924, 1930-31, 1944, 1946, 1953, 1956-60, 1965-66, 1968-69, 1971, 1973, 1976-79, 1986, 1993 Canadiens de Montréal
100%
13 1918, 1922, 1932, 1942, 1945, 1947-49, 1951, 1962-64, 1967 Maple Leafs de Toronto
88%
2 2024-25 Panthers de la Floride
65%
11 1936-37, 1943, 1950, 1952, 1954-55, 1997-98, 2002, 2008 Red Wings de Détroit
65%
6 1929, 1939, 1941, 1970, 1972, 2011 Bruins de Boston
63%
6 1934, 1938, 1961, 2010, 2013, 2015 Blackhawks de Chicago
61%
3 2004, 2020-21 Lightning de Tampa Bay
61%
3 1996, 2001, 2022 Avalanche du Colorado
53%
5 1991-92, 2009, 2016-17 Penguins de Pittsburgh
51%
1 2019 Blues de Saint-Louis
47%
1 2023 Golden Knights de Vegas
47%
1 2018 Capitals de Washington
46%
2 2012, 2014 Kings de Los Angeles
44%
5 1984-85, 1987-88, 1990 Oilers d'Edmonton
44%
3 1995, 2000, 2003 Devils du New Jersey
39%
1 2007 Ducks d'Anaheim
35%
4 1980-83 Islanders de New York
35%
4 1928, 1933, 1940, 1994 Rangers de New York
35%
1 2006 Hurricanes de la Caroline
26%
2 1974-75 Flyers de Philadelphie
25%
1 1989 Flames de Calgary
23%
4 1920-21, 1923, 1927 Sénateurs d'Ottawa (1893)
23%
1 1999 Stars de Dallas
18%
2 1926, 1935 Maroons de Montréal
16%
1 1917 Metropolitans de Seattle
12%
1 1915 Millionnaires de Vancouver
9%
1 1925 Cougars de Victoria
5%
Aucun quiz correspondant
Distribution des résultats
% des personnes avec chaque résultat
Percentile par nombre de réponses
Votre historique - résultats
Vous n’avez pas pris ce quiz depuis la dernière actualisation